书目信息 |
| 题名: |
劳动者权益倮障百例解析
|
|
| 作者: | 王艳梅 , 王银芳 编著 | |
| 分册: | ||
| 出版信息: | 北京 机械工业出版社 2004.7 |
|
| 页数: | 180页 | |
| 开本: | 21cm | |
| 丛书名: | 社会弱势群体权益保障丛书 | |
| 单 册: | ||
| 中图分类: | D922.505 | |
| 科图分类: | ||
| 主题词: | 劳动法--案例--分析--中国 , 劳动法 , 案例 , 分析 , 中国 | |
| 电子资源: | ||
| ISBN: | 7-111-14266-7 | |
| 000 | 00866nam2 2200301 45 | |
| 001 | 012004000000 | |
| 005 | 20041020100337.10 | |
| 010 | @a7-111-14266-7@dCNY 18.80 | |
| 100 | @a20040913d2004 em y0chiy0121 ea | |
| 101 | 0 | @achi |
| 102 | @aCN@b110000 | |
| 105 | @aa z 000yy | |
| 200 | 1 | @a劳动者权益倮障百例解析@Alao dong zhe quan yi bao zhang bai li jie xi@f王艳梅, 王银芳编著 |
| 210 | @a北京@c机械工业出版社@d2004.7 | |
| 215 | @a180页@c图@d21cm | |
| 225 | 2 | @a社会弱势群体权益保障丛书 |
| 320 | @a本书含附录 | |
| 410 | 0 | @12001 @a社会弱势群体权益保障丛书 |
| 606 | 0 | @a劳动法@x案例@x分析@y中国 |
| 606 | 0 | @a劳动法 |
| 606 | 0 | @a案例 |
| 606 | 0 | @a分析 |
| 606 | 0 | @a中国 |
| 690 | @aD922.505@v4 | |
| 701 | 0 | @a王艳梅@Awang yan mei@4编著 |
| 701 | 0 | @a王银芳@Awang yin fang@4编著 |
| 801 | 0 | @aCN@bQSSKm@c20041020 |
| 905 | @a10447@dD922.505@eW414 | |
| 劳动者权益倮障百例解析/王艳梅, 王银芳编著.-北京:机械工业出版社,2004.7 |
| 180页:图;21cm.-(社会弱势群体权益保障丛书) |
| ISBN 7-111-14266-7:CNY 18.80 |
| ● |
| 相关链接 |
|
|
|
正题名:劳动者权益倮障百例解析
索取号:D922.505/W414
 
预约/预借
| 序号 | 登录号 | 条形码 | 馆藏地/架位号 | 状态 | 备注 |
| 1 | 421437 | 204214377 | 社科库509/509社科库 89排7列4层/ [索取号:D922.505/W414] | 在馆 | |
| 2 | 421438 | 204214386 | 社科库509/509社科库 89排7列4层/ [索取号:D922.505/W414] | 在馆 | |
| 3 | 421439 | 204214395 | 社科库509/509社科库 89排7列4层/ [索取号:D922.505/W414] | 在馆 |